[Event "Calvia Amateur op 20th"]
[Site "Calvia"]
[Date "2023.10.14"]
[Round "8"]
[White "Massanet Massanet, Sebastian"]
[Black "Danko, Jiri"]
[Result "1-0"]
[WhiteElo "2187"]
[BlackElo "1857"]
[PlyCount "105"]
[EventDate "2023.10.07"]
[EventType "swiss"]
[EventRounds "9"]
[EventCountry "ESP"]
[SourceTitle "Mega2024 Update 01"]
[Source "Chessbase"]
[SourceDate "2023.11.12"]
[SourceVersion "1"]
[SourceVersionDate "2023.11.12"]
[SourceQuality "1"]

1. e4 e5 2. Nf3 Nc6 3. Bc4 Nf6 4. Ng5 d5 5. exd5 Na5 6. Bb5+ c6 7. dxc6 bxc6 8. Bd3 Nd5 9. Nf3 Bd6 10. 0-0 Bg4 11. Re1 Nf4 12. Bf1 Qf6 13. Re3 0-0 14. Nc3 Bc5 15. Ne4 Qg6 16. Nxe5 Bxe3 17. Nxg6 Bxd1 18. Nxf8 Kxf8 19. dxe3 Bxc2 20. Nc5 Ne6 21. Nxe6+ fxe6 22. Bd2 Nb7 23. Rc1 Ba4 24. Bc4 Rd8 25. Bc3 Kf7 26. f4 Nd6 27. Be2 Ne4 28. Be1 Nf6 29. Kf2 Rd7 30. Bf3 Nd5 31. b3 Bb5 32. a4 Ba6 33. Rxc6 Bb7 34. Rc5 g6 35. Bc3 Ba6 36. b4 Bd3 37. g3 Nb6 38. Bc6 Rd8 39. a5 Nc8 40. Bb7 Ne7 41. Rc7 a6 42. Bd4 Ke8 43. Bc5 Rd7 44. Rxd7 Kxd7 45. Bxe7 Kxe7 46. Ke1 Kd6 47. Kd2 Bb5 48. Kc3 e5 49. Be4 Bd7 50. Bd3 Bc8 51. Bc4 Bb7 52. h4 exf4 53. gxf4 1-0

[Event "Calvia Amateur op 20th"]
[Site "Calvia"]
[Date "2023.10.12"]
[Round "6"]
[White "Bullen, Alex"]
[Black "Danko, Jiri"]
[Result "0-1"]
[WhiteElo "2168"]
[BlackElo "1857"]
[PlyCount "128"]
[EventDate "2023.10.07"]
[EventType "swiss"]
[EventRounds "9"]
[EventCountry "ESP"]
[SourceTitle "Mega2024 Update 01"]
[Source "Chessbase"]
[SourceDate "2023.11.12"]
[SourceVersion "1"]
[SourceVersionDate "2023.11.12"]
[SourceQuality "1"]

1. d4 Nf6 2. Nf3 g6 3. Bg5 Bg7 4. Nbd2 d5 5. e3 0-0 6. Bd3 c6 7. Ne5 Nfd7 8. Nxd7 Nxd7 9. f4 Nf6 10. Bxf6 Bxf6 11. Qf3 c5 12. c3 Bg7 13. g4 f6 14. f5 e5 15. fxg6 e4 16. Qh3 h6 17. Be2 cxd4 18. cxd4 f5 19. gxf5 Bxf5 20. Qg3 Rc8 21. Bd1 Rf6 22. Rg1 Rxg6 23. Qf2 Rxg1+ 24. Qxg1 Kh7 25. Bb3 Bf6 26. Kd1 Qd7 27. Nf1 Bg5 28. Rc1 Rxc1+ 29. Kxc1 a5 30. Qf2 b5 31. h4 Bd8 32. a3 Be6 33. Kb1 Qf7 34. Qe1 Be7 35. Nd2 b4 36. a4 Qh5 37. Kc1 Qg4 38. Qh1 Bg8 39. h5 Bg5 40. Nf1 Be6 41. Kd2 Bf7 42. Bd1 Qc8 43. Bc2 Qc4 44. Bxe4+ dxe4 45. Qxe4+ Kg8 46. Ng3 Qd5 47. Qg4 Be6 48. Qe4 Qxe4 49. Nxe4 Bd7 50. Nc5 Be8 51. Nb7 Bxa4 52. Nxa5 Be8 53. Kd3 Bxh5 54. e4 Kf8 55. Nc6 Be7 56. d5 Be8 57. Nd4 Bf6 58. Nf3 Bxb2 59. d6 Bb5+ 60. Kc2 Bc3 61. Nh4 Bd7 62. Kd3 Be6 63. Ng6+ Kf7 64. Nf4 Be5 0-1

[Event "Pilsen Region-chT 2223"]
[Site "Czech Republic"]
[Date "2023.03.19"]
[Round "10.3"]
[White "Kupka, Frantisek"]
[Black "Danko, Jiri"]
[Result "1/2-1/2"]
[WhiteElo "2001"]
[BlackElo "1866"]
[PlyCount "38"]
[EventDate "2022.10.09"]
[EventType "team-tourn"]
[EventRounds "11"]
[EventCountry "CZE"]
[SourceTitle "EXT 2024"]
[Source "ChessBase"]
[SourceDate "2023.10.10"]
[SourceVersion "1"]
[SourceVersionDate "2023.10.10"]
[SourceQuality "1"]
[WhiteTeam "Line III"]
[BlackTeam "Tachov"]
[WhiteTeamCountry "CZE"]
[BlackTeamCountry "CZE"]

1. e4 e5 2. Nc3 Nf6 3. g3 Bc5 4. Bg2 d6 5. Nge2 Nc6 6. Na4 Bg4 7. f3 Bh5 8. Nxc5 dxc5 9. d3 h6 10. Be3 Qe7 11. Qd2 0-0-0 12. b3 g5 13. h3 Nd4 14. 0-0 Qd6 15. Nc3 Nd7 16. Qf2 Rhf8 17. g4 Bg6 18. h4 f6 19. h5 Bf7 1/2-1/2

[Event "Pilsen Region-chT 2223"]
[Site "Czech Republic"]
[Date "2023.01.29"]
[Round "7.2"]
[White "Bartonicek, Zdenek"]
[Black "Danko, Jiri"]
[Result "1/2-1/2"]
[WhiteElo "1921"]
[BlackElo "1866"]
[PlyCount "97"]
[EventDate "2022.10.09"]
[EventType "team-tourn"]
[EventRounds "11"]
[EventCountry "CZE"]
[SourceTitle "EXT 2024"]
[Source "ChessBase"]
[SourceDate "2023.10.10"]
[SourceVersion "1"]
[SourceVersionDate "2023.10.10"]
[SourceQuality "1"]
[WhiteTeam "Loko"]
[BlackTeam "Tachov"]
[WhiteTeamCountry "CZE"]
[BlackTeamCountry "CZE"]

1. e4 e5 2. Nf3 Nc6 3. Bb5 Nf6 4. d3 Ne7 5. Nc3 Ng6 6. Bc4 Be7 7. Bg5 c6 8. a4 0-0 9. d4 d6 10. h3 a6 11. Be3 Qa5 12. Qd2 exd4 13. Nxd4 d5 14. exd5 Bb4 15. Nb3 Qc7 16. d6 Bxd6 17. 0-0 Ne5 18. Be2 Re8 19. Qc1 Nd5 20. Nxd5 cxd5 21. Nd4 Qe7 22. Re1 Qf6 23. c3 Bd7 24. Nf3 Be6 25. Nd4 Nc4 26. Bd3 Ne5 27. Qd1 Bc5 28. Bf1 Nc6 29. g3 Ba7 30. Bg2 Nxd4 31. Bxd4 Bxd4 32. Qxd4 Qxd4 33. cxd4 h6 34. Rac1 Rac8 35. Kf1 Kf8 36. Ke2 Ke7 37. Kd2 Kd6 38. Rxc8 Rxc8 39. Rc1 f6 40. Bf1 Rxc1 41. Kxc1 a5 42. Kd2 Bd7 43. f3 Bf5 44. h4 g5 45. Be2 gxh4 46. gxh4 Ke6 47. Bd1 Bg6 48. Ke3 Bf7 49. Kf4 1/2-1/2

[Event "Pilsen Region-chT 2223"]
[Site "Czech Republic"]
[Date "2022.10.30"]
[Round "2.3"]
[White "Danko, Jiri"]
[Black "Vlk, Miloslav"]
[Result "1-0"]
[WhiteElo "1866"]
[BlackElo "1938"]
[PlyCount "101"]
[EventDate "2022.10.09"]
[EventType "team-tourn"]
[EventRounds "11"]
[EventCountry "CZE"]
[SourceTitle "EXT 2024"]
[Source "ChessBase"]
[SourceDate "2023.10.10"]
[SourceVersion "1"]
[SourceVersionDate "2023.10.10"]
[SourceQuality "1"]
[WhiteTeam "Tachov"]
[BlackTeam "HerNyr"]
[WhiteTeamCountry "CZE"]
[BlackTeamCountry "CZE"]

1. e4 e5 2. Nf3 Nf6 3. d4 exd4 4. Bd3 Nc6 5. e5 Nd5 6. 0-0 Be7 7. Be4 Nb6 8. Bxc6 dxc6 9. Qxd4 Bf5 10. c3 0-0 11. Bf4 c5 12. Qd1 Qxd1 13. Rxd1 Rfd8 14. Re1 c6 15. Nbd2 g5 16. Be3 g4 17. Ng5 Nd5 18. Nge4 Nxe3 19. Rxe3 Rd5 20. Nc4 Rad8 21. Ncd6 Bg6 22. Rae1 Rxe5 23. Nxb7 Rb8 24. Na5 Re6 25. Nc4 Kg7 26. g3 h5 27. R3e2 Rd8 28. Kg2 Rd3 29. Ned2 Bf5 30. Kg1 Bg5 31. Rxe6 Bxe6 32. Re2 Bxd2 33. Nxd2 Bxa2 34. Kf1 Bd5 35. Ke1 a5 36. Nf1 Bf3 37. Rd2 Rd5 38. Ne3 Rxd2 39. Kxd2 Kf6 40. Nc4 a4 41. Nb6 Ke5 42. Nxa4 Bd5 43. Nxc5 f5 44. Ke3 Bf7 45. Nd3+ Kd5 46. Kf4 Be6 47. b3 c5 48. Nb2 Bd7 49. Nc4 Be6 50. Ne3+ Kc6 51. c4 1-0

[Event "Klatovy op 28th"]
[Site "Klatovy"]
[Date "2022.07.10"]
[Round "9"]
[White "Danko, Jiri"]
[Black "Hausner, Ivan"]
[Result "0-1"]
[WhiteElo "1837"]
[BlackElo "2290"]
[PlyCount "72"]
[EventDate "2022.07.02"]
[EventType "swiss"]
[EventRounds "9"]
[EventCountry "CZE"]
[SourceTitle "EXT 2023"]
[Source "ChessBase"]
[SourceDate "2022.10.05"]
[SourceVersion "1"]
[SourceVersionDate "2022.10.05"]
[SourceQuality "1"]

1. e4 c5 2. Nf3 d6 3. d4 cxd4 4. Nxd4 Nf6 5. Nc3 Nc6 6. Nde2 e6 7. Bg5 Be7 8. g3 h6 9. Bxf6 Bxf6 10. Bg2 0-0 11. 0-0 a6 12. Kh1 Qc7 13. f4 b5 14. a3 Bb7 15. Qd2 Na5 16. Rad1 Nc4 17. Qc1 Bxc3 18. Nxc3 Nxa3 19. Rf3 Nc4 20. Rfd3 Rac8 21. b3 Na5 22. Qa3 Rfd8 23. R1d2 Nc6 24. Ne2 b4 25. Qb2 a5 26. Nd4 Nxd4 27. Rxd4 d5 28. e5 Qc3 29. Qxc3 Rxc3 30. Bf1 Rdc8 31. Bd3 R8c6 32. Rd1 Ba6 33. Bxa6 Rxa6 34. Ra1 Rxc2 35. Rxb4 axb4 36. Rxa6 Rb2 0-1

[Event "Marianske Lazne op 50+"]
[Site "Marianske Lazne"]
[Date "2022.01.18"]
[Round "5"]
[White "Malinovsky, Petr"]
[Black "Danko, Jiri"]
[Result "1-0"]
[WhiteElo "1979"]
[BlackElo "1800"]
[PlyCount "44"]
[EventDate "2022.01.15"]
[EventType "swiss"]
[EventRounds "9"]
[EventCountry "CZE"]
[SourceTitle "EXT 2023"]
[Source "ChessBase"]
[SourceDate "2022.10.05"]
[SourceVersion "1"]
[SourceVersionDate "2022.10.05"]
[SourceQuality "1"]

1. d4 Nf6 2. c4 g6 3. f3 d6 4. e4 e5 5. d5 Bg7 6. Be3 0-0 7. Qd2 Nbd7 8. Ne2 h5 9. Nbc3 a6 10. h3 Kh7 11. Bg5 Qe8 12. g4 Rg8 13. Ng3 b6 14. Bd3 Qd8 15. 0-0-0 Rb8 16. Kb1 Qe8 17. Rdg1 Bb7 18. Bh4 Qf8 19. gxh5 Bh6 20. hxg6+ Rxg6 21. Qe2 Re8 22. Nf5 Nh5 1-0

[Event "Marianske Lazne op 50+"]
[Site "Marianske Lazne"]
[Date "2022.01.17"]
[Round "3"]
[White "Palek, Miroslav"]
[Black "Danko, Jiri"]
[Result "1-0"]
[WhiteElo "2115"]
[BlackElo "1800"]
[PlyCount "65"]
[EventDate "2022.01.15"]
[EventType "swiss"]
[EventRounds "9"]
[EventCountry "CZE"]
[SourceTitle "EXT 2023"]
[Source "ChessBase"]
[SourceDate "2022.10.05"]
[SourceVersion "1"]
[SourceVersionDate "2022.10.05"]
[SourceQuality "1"]

1. d4 Nf6 2. g3 e6 3. Bg2 d5 4. Nf3 c5 5. 0-0 Nc6 6. c4 Be7 7. Nc3 0-0 8. cxd5 exd5 9. Bf4 h6 10. Rc1 g5 11. Be5 Ng4 12. h3 Ngxe5 13. Nxe5 cxd4 14. Nxc6 bxc6 15. Qxd4 Bf6 16. Qc5 Bd7 17. Rfd1 Qb6 18. Qd6 Be6 19. Na4 Qb5 20. Qxc6 Qxe2 21. Re1 Qd2 22. Red1 Qe2 23. Bf1 Qe5 24. Nc5 Rae8 25. b4 h5 26. Nd7 Bxd7 27. Qxd7 Rd8 28. Qxa7 h4 29. Re1 Qb2 30. Rb1 Qd2 31. Qa6 hxg3 32. Qxf6 gxf2+ 33. Qxf2 1-0

[Event "Ceske Budejovice op"]
[Site "Ceske Budejovice"]
[Date "2021.07.08"]
[Round "8"]
[White "Simunek, Jakub Simon"]
[Black "Danko, Jiri"]
[Result "1-0"]
[WhiteElo "1701"]
[BlackElo "1873"]
[PlyCount "141"]
[EventDate "2021.07.01"]
[EventType "swiss"]
[EventRounds "9"]
[EventCountry "CZE"]
[SourceTitle "CBM 203 Extra"]
[Source "ChessBase"]
[SourceDate "2021.09.30"]
[SourceVersion "1"]
[SourceVersionDate "2021.09.30"]
[SourceQuality "1"]

1. d4 g6 2. Nf3 Bg7 3. Nc3 d5 4. Bf4 Nf6 5. e3 0-0 6. Be2 c5 7. Ne5 Nc6 8. 0-0 cxd4 9. exd4 e6 10. Na4 Ne4 11. f3 Nd6 12. Nxc6 bxc6 13. Nc5 a5 14. c3 Nb7 15. Na4 Re8 16. Rc1 e5 17. Bg3 Bd7 18. Re1 Bh6 19. Ra1 f6 20. Bd3 Bg7 21. Rc1 Nd6 22. Nc5 Bf5 23. Qc2 Rc8 24. Re2 Rc7 25. Rce1 Rce7 26. Kh1 Bxd3 27. Qxd3 Nf5 28. Bf2 Qc7 29. Qa6 Nd6 30. Qd3 Qc8 31. b3 Kf8 32. a3 f5 33. dxe5 Bxe5 34. Bd4 Nf7 35. Bxe5 Rxe5 36. Rxe5 Rxe5 37. Rxe5 Nxe5 38. Qe3 Qe8 39. h3 Qe7 40. Qxe5 Qxc5 41. Qh8+ Kf7 42. Qxh7+ Kf6 43. b4 Qb5 44. Qc7 axb4 45. Qd6+ Kf7 46. Qxb4 Qf1+ 47. Kh2 Qc1 48. a4 g5 49. Qb7+ Ke6 50. Qxc6+ Ke7 51. Qxd5 Qf4+ 52. Kg1 Qe3+ 53. Kf1 Qc1+ 54. Kf2 Qb2+ 55. Kf1 Qb1+ 56. Ke2 Kf6 57. Qd6+ Kf7 58. Qd3 Qb2+ 59. Qd2 Qa1 60. Qxg5 Qxc3 61. Qxf5+ Kg8 62. Kf2 Qd4+ 63. Kg3 Qd6+ 64. Qf4 Qa3 65. Kg4 Qa2 66. g3 Kh8 67. a5 Qg8+ 68. Qg5 Qe6+ 69. Kh4 Qd7 70. f4 Qe6 71. Qe5+ 1-0

[Event "Marianske Lazne op"]
[Site "Marianske Lazne"]
[Date "2020.01.18"]
[Round "1"]
[White "Danko, Jiri"]
[Black "Dobsinsky, Petr"]
[Result "1-0"]
[WhiteElo "1876"]
[BlackElo "1263"]
[PlyCount "27"]
[EventDate "2020.01.18"]
[EventType "swiss"]
[EventRounds "9"]
[EventCountry "CZE"]
[SourceTitle "EXT 2021"]
[Source "ChessBase"]
[SourceDate "2020.10.23"]
[SourceVersion "1"]
[SourceVersionDate "2020.10.23"]
[SourceQuality "1"]

1. e4 d6 2. d4 Nf6 3. Nc3 e5 4. Nf3 Bg4 5. dxe5 Bxf3 6. Qxf3 dxe5 7. Bd2 a6 8. 0-0-0 Nbd7 9. g4 h6 10. h4 g6 11. Bc4 Qe7 12. g5 Qc5 13. Bb3 hxg5 14. hxg5 1-0

[Event "Marianske Lazne op 18th"]
[Site "Marianske Lazne"]
[Date "2019.01.20"]
[Round "2"]
[White "Nemec, Pavel"]
[Black "Danko, Jiri"]
[Result "1-0"]
[WhiteElo "2232"]
[BlackElo "1911"]
[PlyCount "95"]
[EventDate "2019.01.19"]
[EventType "swiss"]
[EventRounds "9"]
[EventCountry "CZE"]
[SourceTitle "CBM 188 Extra"]
[Source "ChessBase"]
[SourceDate "2019.02.26"]
[SourceVersion "1"]
[SourceVersionDate "2019.02.26"]
[SourceQuality "1"]

1. e4 e5 2. Nf3 Nc6 3. Bb5 Nf6 4. Bxc6 dxc6 5. d3 Bg4 6. h3 Bxf3 7. Qxf3 Qd7 8. Bg5 Qe6 9. 0-0 h6 10. Bxf6 gxf6 11. Nc3 Rg8 12. Ne2 0-0-0 13. Ng3 Bc5 14. Nh5 Rg6 15. g4 Rdg8 16. Kh1 Be7 17. Rg1 b6 18. Qe2 Rg5 19. Kh2 Bd6 20. Ng3 Kb7 21. a3 Rd8 22. Nf5 Rh8 23. h4 Rgg8 24. h5 Rd8 25. Qd2 Bf8 26. Kh3 c5 27. b4 c4 28. Qc3 cxd3 29. cxd3 Qd7 30. Rgd1 c5 31. Qc4 b5 32. Qb3 Qe6 33. Qb2 cxb4 34. axb4 Qb6 35. Ra3 Bd6 36. Rda1 Bb8 37. Kg2 Rd7 38. Qd2 Qc6 39. Qe3 Qb6 40. Qc1 Rc7 41. Qd2 Qc6 42. Nxh6 f5 43. Nxf5 Rd8 44. Qe3 Qc2 45. Rxa7+ Bxa7 46. Qxa7+ Kc8 47. Qa8+ Kd7 48. Qd5+ 1-0

[Event "Klatovy op-B 24th"]
[Site "Klatovy"]
[Date "2018.07.08"]
[Round "9"]
[White "Danko, Jiri"]
[Black "Kanka, Matej"]
[Result "0-1"]
[WhiteElo "1954"]
[BlackElo "1905"]
[PlyCount "55"]
[EventDate "2018.06.30"]
[EventType "swiss"]
[EventRounds "9"]
[EventCountry "CZE"]
[SourceTitle "EXT 2019"]
[Source "ChessBase"]
[SourceDate "2018.10.10"]
[SourceVersion "1"]
[SourceVersionDate "2018.10.10"]
[SourceQuality "1"]

1. e4 Nf6 2. d3 d6 3. f4 g6 4. Nf3 Bg7 5. Nc3 b6 6. Be2 Bb7 7. Be3 e6 8. 0-0 c5 9. Kh1 Nc6 10. a3 0-0 11. Qe1 Qe7 12. Bf2 Ng4 13. Bh4 Bf6 14. Bxf6 Qxf6 15. Bd1 Qxf4 16. Qh4 Nce5 17. Be2 Qh6 18. Qg3 f5 19. Nxe5 Nxe5 20. Nb5 f4 21. Qf2 Rad8 22. Nxa7 g5 23. Nb5 g4 24. g3 f3 25. Bd1 c4 26. d4 Nf7 27. Nc3 Qh3 28. Qd2 0-1

[Event "Klatovy op-B 24th"]
[Site "Klatovy"]
[Date "2018.07.03"]
[Round "4"]
[White "Danko, Jiri"]
[Black "Chmelik, Ladislav"]
[Result "1-0"]
[WhiteElo "1954"]
[BlackElo "1761"]
[PlyCount "51"]
[EventDate "2018.06.30"]
[EventType "swiss"]
[EventRounds "9"]
[EventCountry "CZE"]
[SourceTitle "CBM 185 Extra"]
[Source "ChessBase"]
[SourceDate "2018.07.29"]
[SourceVersion "1"]
[SourceVersionDate "2018.07.29"]
[SourceQuality "1"]

1. e4 c5 2. Nf3 Nc6 3. d4 cxd4 4. Nxd4 d6 5. Be3 Nf6 6. Nc3 g6 7. f3 Bg7 8. Qd2 0-0 9. 0-0-0 Nxd4 10. Bxd4 a6 11. g4 b5 12. Kb1 Be6 13. h4 Qa5 14. Nd5 b4 15. Nxe7+ Kh8 16. Nd5 Rab8 17. b3 Bxd5 18. exd5 Rfc8 19. Bc4 h5 20. gxh5 Nxh5 21. Rhg1 Kh7 22. Rg5 Bxd4 23. Qxd4 Ng7 24. h5 Kh6 25. Qf4 Nf5 26. Rxf5+ 1-0

[Event "Klatovy op-B 24th"]
[Site "Klatovy"]
[Date "2018.06.30"]
[Round "1"]
[White "Kotal, Vit"]
[Black "Danko, Jiri"]
[Result "0-1"]
[WhiteElo "1464"]
[BlackElo "1954"]
[PlyCount "42"]
[EventDate "2018.06.30"]
[EventType "swiss"]
[EventRounds "9"]
[EventCountry "CZE"]
[SourceTitle "CBM 185 Extra"]
[Source "ChessBase"]
[SourceDate "2018.07.29"]
[SourceVersion "1"]
[SourceVersionDate "2018.07.29"]
[SourceQuality "1"]

1. e4 e5 2. Nf3 Nc6 3. Bc4 Nf6 4. 0-0 Nxe4 5. Re1 d5 6. Bb5 Bc5 7. d4 exd4 8. Nxd4 0-0 9. Be3 Nxd4 10. Bxd4 Bd6 11. Nd2 f5 12. Nf3 c6 13. Bf1 Qc7 14. c4 c5 15. Be3 d4 16. Bc1 Bd7 17. g3 Bc6 18. Ng5 Nxg5 19. Bxg5 f4 20. Bd3 fxg3 21. Bxh7+ Kxh7 0-1

[Event "Marianske Lazne op 16th"]
[Site "Marianske Lazne"]
[Date "2017.01.27"]
[Round "8"]
[White "Baumbach, Friedrich"]
[Black "Danko, Jiri"]
[Result "1-0"]
[WhiteElo "2235"]
[BlackElo "1957"]
[PlyCount "85"]
[EventDate "2017.01.21"]
[EventType "swiss"]
[EventRounds "9"]
[EventCountry "CZE"]
[SourceTitle "CBM 176 Extra"]
[Source "ChessBase"]
[SourceDate "2017.03.02"]
[SourceVersion "1"]
[SourceVersionDate "2017.03.02"]
[SourceQuality "1"]

1. d4 Nf6 2. c4 e6 3. Nf3 d5 4. Nc3 c6 5. e3 Bd6 6. Bd3 0-0 7. 0-0 Nbd7 8. e4 dxe4 9. Nxe4 Nxe4 10. Bxe4 h6 11. Bc2 Qa5 12. Qd3 Nf6 13. c5 Be7 14. Ne5 Rd8 15. Qe3 Kf8 16. Bd2 Qc7 17. Rad1 Bd7 18. Qf4 Qb8 19. Rfe1 Be8 20. g4 Nd5 21. Qf3 Bf6 22. h4 Bxe5 23. Rxe5 Ke7 24. g5 hxg5 25. Rxg5 g6 26. h5 f6 27. hxg6 Bd7 28. g7 Rg8 29. Bh7 Qe8 30. Bxg8 Qxg8 31. Rg4 Be8 32. Rg3 Bf7 33. Qe4 Kd7 34. Kg2 Ne7 35. Rh1 Nf5 36. Rh8 Nxg3 37. fxg3 Qxg7 38. Rxa8 e5 39. Qf5+ Be6 40. Qh5 Bf7 41. Qh8 Bd5+ 42. Kf2 Qg6 43. Qd8+ 1-0

[Event "Rhodes Colossus op"]
[Site "Rhodes"]
[Date "2015.09.08"]
[Round "9"]
[White "Danko, Jiri"]
[Black "Georgiou, Andreas"]
[Result "1-0"]
[WhiteElo "1996"]
[BlackElo "1780"]
[PlyCount "107"]
[EventDate "2015.09.01"]
[EventType "swiss"]
[EventRounds "9"]
[EventCountry "GRE"]
[SourceTitle "EXT 2017"]
[Source "ChessBase"]
[SourceDate "2016.10.25"]
[SourceVersion "1"]
[SourceVersionDate "2016.10.25"]
[SourceQuality "1"]

1. e4 c6 2. d4 d5 3. Nc3 g6 4. e5 f6 5. Bf4 Be6 6. Qe2 Qd7 7. 0-0-0 Bg7 8. Nf3 Bg4 9. Re1 Qf5 10. Bg3 Bxf3 11. gxf3 fxe5 12. dxe5 e6 13. h4 Ne7 14. Bh3 Qf7 15. Kb1 Nd7 16. h5 0-0-0 17. Bg4 Nf5 18. Bf4 gxh5 19. Bxh5 Qe7 20. Qd2 Qb4 21. a3 Qd4 22. Qxd4 Nxd4 23. Rhg1 Rdf8 24. Bh2 Bh6 25. Ne2 Nxf3 26. Bxf3 Rxf3 27. Nd4 Rxf2 28. Bg3 Rf7 29. Nxe6 Re7 30. Nd4 Nc5 31. Bh4 Rg7 32. Rxg7 Bxg7 33. Nf5 Ne6 34. Nxg7 Nxg7 35. Bf6 Rg8 36. Rg1 h5 37. Rxg7 Rxg7 38. Bxg7 h4 39. e6 h3 40. Be5 Kd8 41. Bd6 h2 42. Bxh2 Ke7 43. Kc1 Kxe6 44. Kd2 d4 45. Kd3 Kd5 46. b4 a5 47. Bc7 axb4 48. axb4 c5 49. bxc5 Kxc5 50. Be5 b5 51. Bxd4+ Kb4 52. c3+ Kb3 53. Bc5 Ka2 54. Bb4 1-0

[Event "CZE-chT2A 1415"]
[Site "Czech Republic"]
[Date "2015.04.19"]
[Round "11.5"]
[White "Danko, Jiri"]
[Black "Simecek, Alexej"]
[Result "1-0"]
[WhiteElo "1993"]
[BlackElo "2111"]
[PlyCount "62"]
[EventDate "2014.11.02"]
[EventType "team-tourn"]
[EventRounds "11"]
[EventCountry "CZE"]
[SourceTitle "EXT 2022"]
[Source "ChessBase"]
[SourceDate "2021.10.06"]
[SourceVersion "1"]
[SourceVersionDate "2021.10.06"]
[SourceQuality "1"]
[WhiteTeam "Tachov"]
[BlackTeam "Praha Dopravni podnik"]
[WhiteTeamCountry "CZE"]
[BlackTeamCountry "CZE"]

1. e4 Nf6 2. Nc3 d5 3. exd5 Nxd5 4. Bc4 c6 5. Qf3 e6 6. Nge2 Nd7 7. d4 N7f6 8. Bb3 Nxc3 9. Qxc3 Bd6 10. Qd3 Qc7 11. Bd2 b6 12. c4 Bb7 13. f4 g6 14. 0-0 0-0 15. Bc3 Rad8 16. Qe3 Qe7 17. Kh1 Ng4 18. Qg3 h5 19. h3 Nf6 20. Bc2 Kg7 21. d5 cxd5 22. Qg5 d4 23. Bxd4 Bb4 24. Be5 Rd2 25. Rf2 h4 26. f5 Rxc2 27. Nf4 Bxg2+ 28. Rxg2 Rxg2 29. Kxg2 Qb7+ 30. Kh2 Qf3 31. Qxf6+ Kh6 1-0

[Event "CZE-chT2A 1415"]
[Site "Czech Republic"]
[Date "2015.03.15"]
[Round "9.5"]
[White "Danko, Jiri"]
[Black "Malecek, Jiri"]
[Result "1-0"]
[WhiteElo "1993"]
[BlackElo "1929"]
[PlyCount "63"]
[EventDate "2014.11.02"]
[EventType "team-tourn"]
[EventRounds "11"]
[EventCountry "CZE"]
[SourceTitle "EXT 2022"]
[Source "ChessBase"]
[SourceDate "2021.10.06"]
[SourceVersion "1"]
[SourceVersionDate "2021.10.06"]
[SourceQuality "1"]
[WhiteTeam "Tachov"]
[BlackTeam "Kozolupy"]
[WhiteTeamCountry "CZE"]
[BlackTeamCountry "CZE"]

1. e4 c5 2. Nf3 e6 3. d4 cxd4 4. Nxd4 a6 5. Nc3 Qc7 6. a3 Nf6 7. Bg5 Be7 8. Qd2 h6 9. Bxf6 Bxf6 10. f4 Bxd4 11. Qxd4 Qxf4 12. Qxg7 Qe3+ 13. Be2 Rf8 14. Rf1 d6 15. Rd1 Bd7 16. h3 Nc6 17. Qf6 Ne5 18. Rxd6 Qg3+ 19. Kd1 Nc4 20. Bxc4 Qxd6+ 21. Kc1 Qg3 22. Qxh6 Qxg2 23. Qh4 f6 24. Qh5+ Rf7 25. Kb1 Ke7 26. Qc5+ Kd8 27. Rg1 Qxh3 28. Rg8+ Be8 29. Qb6+ Rc7 30. Bxe6 Qf1+ 31. Ka2 Qf4 32. Nd5 1-0

[Event "CZE-chT2A 1415"]
[Site "Czech Republic"]
[Date "2015.02.22"]
[Round "8.6"]
[White "Danko, Jiri"]
[Black "Janocko, Petr"]
[Result "0-1"]
[WhiteElo "1993"]
[BlackElo "2039"]
[PlyCount "116"]
[EventDate "2014.11.02"]
[EventType "team-tourn"]
[EventRounds "11"]
[EventCountry "CZE"]
[SourceTitle "EXT 2022"]
[Source "ChessBase"]
[SourceDate "2021.10.06"]
[SourceVersion "1"]
[SourceVersionDate "2021.10.06"]
[SourceQuality "1"]
[WhiteTeam "Tachov"]
[BlackTeam "Line"]
[WhiteTeamCountry "CZE"]
[BlackTeamCountry "CZE"]

1. e4 c6 2. d4 d5 3. Nc3 dxe4 4. Nxe4 Bf5 5. Ng3 Bg6 6. Nh3 e5 7. dxe5 Qa5+ 8. c3 Qxe5+ 9. Be2 Qd5 10. Qxd5 cxd5 11. Bf3 Nf6 12. 0-0 Nc6 13. Re1+ Be7 14. Nf4 0-0-0 15. Nxg6 hxg6 16. Bg5 Bc5 17. Re2 Kc7 18. b4 Bd6 19. Rd2 Be5 20. Rc1 Ne7 21. h3 Rhe8 22. Ne2 Ne4 23. Bxe4 dxe4 24. Rcd1 Rxd2 25. Rxd2 f6 26. Be3 b6 27. Nd4 Nc8 28. Kf1 f5 29. g3 Kb7 30. a4 Nd6 31. Ne2 Rc8 32. Bd4 Nc4 33. Rd1 Nb2 34. Ra1 Bxd4 35. Nxd4 Rxc3 36. Nb5 Rc2 37. Ra2 Rc1+ 38. Ke2 Nd3 39. Ke3 Nxb4 40. Rd2 Nd3 41. Kd4 Ra1 42. Nc3 Nc5 43. Ke5 Rc1 44. Nb5 Nd3+ 45. Ke6 Rf1 46. Rc2 Ka6 47. Rc7 Nc5+ 48. Kd5 Nxa4 49. Nxa7 Rxf2 50. Rxg7 Rc2 51. Nc6 Nc3+ 52. Ke5 Rf2 53. Rxg6 e3 54. Rf6 e2 55. Nb4+ Ka5 56. Nd3 Rf3 57. Rxf5 Rxd3 58. Kf4+ b5 0-1

[Event "CZE-chT2A 1415"]
[Site "Czech Republic"]
[Date "2015.02.08"]
[Round "7.4"]
[White "Roj, Miroslav"]
[Black "Danko, Jiri"]
[Result "1-0"]
[WhiteElo "2132"]
[BlackElo "1993"]
[PlyCount "67"]
[EventDate "2014.11.02"]
[EventType "team-tourn"]
[EventRounds "11"]
[EventCountry "CZE"]
[SourceTitle "EXT 2022"]
[Source "ChessBase"]
[SourceDate "2021.10.06"]
[SourceVersion "1"]
[SourceVersionDate "2021.10.06"]
[SourceQuality "1"]
[WhiteTeam "Pisek"]
[BlackTeam "Tachov"]
[WhiteTeamCountry "CZE"]
[BlackTeamCountry "CZE"]

1. d4 d6 2. e4 c6 3. Nc3 Nf6 4. Nf3 g6 5. Bf4 b5 6. Bd3 b4 7. Ne2 Nh5 8. Be3 Bg7 9. Qd2 Qb6 10. h3 Nd7 11. e5 Bf8 12. 0-0 d5 13. e6 fxe6 14. g4 Ng7 15. Ng5 Nf6 16. Bf4 Bd7 17. b3 c5 18. Be5 c4 19. bxc4 dxc4 20. Bxc4 h6 21. Nf3 Qc6 22. Qd3 Rc8 23. Qxg6+ Kd8 24. Nd2 Nge8 25. Qd3 Nd6 26. Bb3 Rg8 27. Nf4 Nxg4 28. hxg4 Rxg4+ 29. Kh2 Rh4+ 30. Nh3 Nf5 31. Rg1 Qc3 32. Nf3 Rh5 33. Rad1 Qb2 34. d5 1-0

[Event "Marianske Lazne op 14th"]
[Site "Marianske Lazne"]
[Date "2015.01.21"]
[Round "6"]
[White "Danko, Jiri"]
[Black "Bretsnajdr, Vladimir"]
[Result "0-1"]
[WhiteElo "1993"]
[BlackElo "2288"]
[PlyCount "72"]
[EventDate "2015.01.17"]
[EventType "swiss"]
[EventRounds "9"]
[EventCountry "CZE"]
[SourceTitle "CBM 164 Extra"]
[Source "ChessBase"]
[SourceDate "2015.03.02"]
[SourceVersion "1"]
[SourceVersionDate "2015.03.02"]
[SourceQuality "1"]

1. e4 c5 2. Nf3 e6 3. c3 d5 4. Bb5+ Bd7 5. Bxd7+ Qxd7 6. exd5 Qxd5 7. d4 Nc6 8. 0-0 Nf6 9. Na3 cxd4 10. c4 Qd7 11. Nb5 Bc5 12. Qd3 a6 13. Na3 0-0 14. Nc2 e5 15. Nd2 Rfe8 16. f3 Rad8 17. Ne4 Be7 18. a3 Qc7 19. Bd2 Nd7 20. b4 g6 21. Bh6 f5 22. Ng5 Bf8 23. Bxf8 Nxf8 24. Rae1 Qe7 25. Nh3 Qf7 26. Nf2 Nd7 27. Nd1 Nf6 28. Nb2 e4 29. fxe4 Rxe4 30. Qd1 d3 31. Ne3 d2 32. Re2 Qe6 33. Nd5 Rxe2 34. Nxf6+ Kf7 35. Nd5 Qe4 36. Nf4 Re1 0-1